000
00260nam a2200109Ia 4500
008
220204s9999 xx 000 0 und d
082
_a
334.1
_b
BAL
100
_a
BALAN, T S
245
0
_a
Cooperation
260
_a
Trichur
_b
Cooperative college
_c
1977
942
_c
BK
999
_c
28766
_d
28766